Κατάλογος Βιβλιοθηκών Mediterranean College

Ναυτιλιακή Θεωρία και Επιχειρηματικότητα στην Εποχή της Ποιότητας (Record no. 8167)

MARC details
000 -LEADER
fixed length control field 01419cam a22002054a 4500
005 - ΗΜΕΡΟΜΗΝΙΑ ΚΑΙ ΩΡΑ ΤΕΛΕΥΤΑΙΑΣ ΕΝΗΜΕΡΩΣΗΣ
Πεδίο ελέγχου 20250605164328.0
008 - FIXED-LENGTH DATA ELEMENTS--GENERAL INFORMATION
Πεδίο ελέγχου σταθερού μήκους 250528s ||||||||||||||||||||||||d
035 ## - SYSTEM CONTROL NUMBER
System control number 23137
020 ## - ISBN
ISBN 9603901512
040 ## - ΠΗΓΗ ΚΑΤΑΛΟΓΟΓΡΑΦΗΣΗΣ
Φορέας πρωτότυπης καταλογογράφησης MC Athens Campus Library
Γλώσσα καταλογογράφησης Ελληνικά, Μοντέρνα (1453-)
Modifying agency MC Athens Campus Library
Κανόνες περιγραφικής καταλογογράφησης AACR2
245 1# - ΤΙΤΛΟΣ ΚΑΙ ΔΗΛΩΣΗ ΥΠΕΥΘΥΝΟΤΗΤΑΣ
Τίτλος Ναυτιλιακή Θεωρία και Επιχειρηματικότητα στην Εποχή της Ποιότητας
260 ## - PUBLICATION, DISTRIBUTION, ETC.
Name of publisher, distributor, etc. Interbooks,
Date of publication, distribution, etc. 2005
300 ## - PHYSICAL DESCRIPTION
Extent 240
520 ## - SUMMARY, ETC.
Summary, etc. Πρόλογος, Θεωρία και Επαγγελματική Εργαλεία, Θεωρητική Ανάλυση, Το Μεταβαλλόμενο Κανονισρικό Πλαίσιο, Βασικά Εργαλεία για Ποιοτική Διαχείριση, Σύνδεση της Ναυτιλίας με Αρχές του Σύγχρονου Μάνατζμεντ, Διεθνείς Ναυτιλιακοί Κώδικες και Εταιρική Διακυβέρνηση, Μάρκετινγκ και Χρηματοδότηση, Στρατηγική και Ανταγωνιστικότητα, Πρακτικές Σκέψεις Ενός Εφοπλιστή, Οι Καλύψεις που Προσφέρουν οι Οργανισμοί Αλληλοπροστασίας Πλοιοκτητών (P+I Clubs).
700 1# - ΠΡΟΣΘΕΤΗ ΑΝΑΓΡΑΦΗ--ΦΥΣΙΚΟ ΠΡΟΣΩΠΟ
Personal name Θανόπουλος Γιάννης Ν
700 1# - ΠΡΟΣΘΕΤΗ ΑΝΑΓΡΑΦΗ--ΦΥΣΙΚΟ ΠΡΟΣΩΠΟ
Personal name Κορρές Άλκης Ι.Ε
9 (RLIN) 8702
942 ## - ADDED ENTRY ELEMENTS (KOHA)
Koha item type Books
Holdings
Τύπος τεκμηρίου Βιβλιοθήκη Τρέχουσα τοποθεσία Barcode Αριθμός εισαγωγής Ημερομηνία απόκτησης Ταξιθετικό σύμβολο Αριθμός αντιτύπου Κατάσταση απόσυρσης Κατάσταση χαμένου Κατάσταση κατεστραμμένου Μη δανεισμός Σύνολο δανεισμών Ημερομηνία λήξης Ημερομηνία τελευταίας εμφάνισης Χρονολογία τελευταίου δανεισμού Η τιμή ισχύει από
Books MC Athens Campus Library MC Athens Campus Library 9780000081667 7557 05/06/2025 387.5068 KOR 1         2 10/10/2025 03/10/2025 03/10/2025 05/06/2025

MC Athens Campus Library
Πατησίων 94 & Κοδριγκτώνος 13, 104 34
Πελλήνης 8 & Πατησίων 107, 112 51
Τ: +30 210 8899600

MC Thessaloniki Campus Library
Ίωνος Δραγούμη 21, 54625 | Ίωνος Δραγούμη 15, 54625
Τ: +30 2310 287779 – Τ: +30 2314 440300